Normal view MARC view
  • Alvira, Adriana

Entry Nombre Personal

Number of records used in: 1

001 - NUMERO DE CONTROL

  • campo de control: 53437

003 - IDENTIFICADOR DE NUMERO DE CONTROL

  • campo de control: MX-MxUPN

005 - FECHA Y HORA DE LA ÜLTIMA TRANSACCIÓN

  • campo de control: 20240905130117.0

008 - DATOS DE LONGITUD FIJA

  • campo de control de longitud fija: 240905nn acnnnaabn n aaa d

040 ## - FUENTE DE CATALOGACIÓN

  • Agencia original de catalogación: MX-MxUPN
  • Lenguaje de catalogación: spa

100 1# - ENCABEZAMIENTO - NOMBRE PERSONAL

  • Nombre personal: Alvira, Adriana

670 ## - FUENTE EN LA QUE SE LOCALIZARON DATOS

  • Cita de la fuente: Educación cultural bilingüe : experiencias de aula con comunidades de pueblos originarios, 2022 :
  • Información localizada: portada (Adriana Alvira)

902 ## - CATALOGADOR

  • Catalogador: VíctorGodínez/050924